Target Home Loans v Iza Ltd (Record no. 62272)
[ view plain ]
| 000 -LEADER | |
|---|---|
| fixed length control field | 01232cam a2200217 4500 |
| 001 - CONTROL NUMBER | |
| control field | ABS61808 |
| 008 - FIXED-LENGTH DATA ELEMENTS--GENERAL INFORMATION | |
| fixed length control field | 000000n2000 000 0 eng u |
| 035 ## - SYSTEM CONTROL NUMBER | |
| System control number | (Sirsi) u103696 |
| 245 ## - TITLE STATEMENT | |
| Title | Target Home Loans v Iza Ltd |
| 260 ## - PUBLICATION, DISTRIBUTION, ETC. | |
| Date of publication, distribution, etc. | 2000 |
| 490 ## - SERIES STATEMENT | |
| Series statement | Estates Gazette |
| Volume/sequential designation | [2000] 02 EG 117-124(8) |
| 520 ## - SUMMARY, ETC. | |
| Summary, etc. | Central London County Court, 31 March 1999. Applicant mortgagee, T, held a charge by way of a mortgage on a lease of a maisonette, the reversion which was owned by the respondent landlord, I. In 1990 T obtained a possession order against the lessess for mortgage arrears and by October 1997 had gained possession of the premises. I's solicitor then served a notice requiring repairs to be carried out on the property. In 1998, I claimed to have forfeited the lease by peaceable re-entry, relying on failure to pay ground rent and service charges. "Held" mortgagee entitled to relief from forfeiture upon payment of rent arrears and service charges. |
| 590 ## - LOCAL NOTE (RLIN) | |
| Local note | ABS |
| 650 ## - SUBJECT ADDED ENTRY--TOPICAL TERM | |
| Topical term or geographic name entry element | TARGET HOME LOANS LTD V IZA LTD |
| 650 ## - SUBJECT ADDED ENTRY--TOPICAL TERM | |
| Topical term or geographic name entry element | MORTGAGE ARREARS |
| 650 ## - SUBJECT ADDED ENTRY--TOPICAL TERM | |
| Topical term or geographic name entry element | FORFEITURE |
| 650 ## - SUBJECT ADDED ENTRY--TOPICAL TERM | |
| Topical term or geographic name entry element | LEASEHOLD PROPERTY (REPAIRS) ACT 1938 |
| 650 ## - SUBJECT ADDED ENTRY--TOPICAL TERM | |
| Topical term or geographic name entry element | POSSESSION |
| 690 ## - LOCAL SUBJECT ADDED ENTRY--TOPICAL TERM (OCLC, RLIN) | |
| Topical term or geographic name as entry element | LANDLORD AND TENANT-CASE LAW-LEASES |
| 942 ## - ADDED ENTRY ELEMENTS (KOHA) | |
| Suppress in OPAC | 0 |
| Withdrawn status | Lost status | Source of classification or shelving scheme | Damaged status | Not for loan | Home library | Current library | Shelving location | Date acquired | Total Checkouts | Full call number | Barcode | Date last seen | Copy number | Price effective from | Koha item type |
|---|---|---|---|---|---|---|---|---|---|---|---|---|---|---|---|
| Dewey Decimal Classification | London | London | Journal article | 19/01/2000 | ABS61808 | 103696-1001 | 06/08/2019 | 1 | 06/08/2019 | Law report |